The Tale of the Shipwrecked Sailor and the Rite of Passage /
The Tale of the Shipwrecked Sailor is subjected to a new sociological evaluation in light of the theories concerning rites of passage. Included therein are an analysis of its elaborate structure and how it relates to the rite of passage.
المؤلف الرئيسي:
التنسيق: كتاب
اللغة: Undetermined
الوصول للمادة أونلاين: Login to view Source
الوسوم: إضافة وسم
رقم الطلب:
| LEADER | 00673nam a2200109Ia 4500 | ||
|---|---|---|---|
| 008 | 220712s9999||||xx |||||||||||||| ||und|| | ||
| 100 | 1 | |a Abbas, Eltayeb. | |
| 245 | 1 | 4 | |a The Tale of the Shipwrecked Sailor and the Rite of Passage / |c Eltayeb Abbas. |
| 520 | 3 | |a The Tale of the Shipwrecked Sailor is subjected to a new sociological evaluation in light of the theories concerning rites of passage. Included therein are an analysis of its elaborate structure and how it relates to the rite of passage. | |
| 856 | 4 | |u https://lockwoodonlinejournals.com/index.php/jarce/workflow/access/14 | |
| 952 | |0 0 |1 0 |4 0 |7 1 |9 42294 |a JARCE |b JARCE |d 2022-08-09 |l 0 |r 2022-08-09 00:00:00 |w 2022-08-09 |y PT | ||
| 999 | |c 49057 |d 49057 | ||
